01126nam a2200193Ia 4500001001100000003001000011008004100021040002500062041001300087100003800100245005000138250001100188260006300199300001200262500026000274501011400534520026000648650002400908L270-22644IT-CnALBA170116s9999||||xx |||||||||||||| ||und|| aIT-CnALBAcIT-CnALBA aITALIANO aPALLAVICINO SFORZA, SJ, CARDINALE 0aISTORIA DEL CONCILIO DI TRENTO. VOL. III-IV.  a1a ed. aMILANObPIROTTA E C. LIBR. E TIPOG. c1844 [1° Ed.: n.d.] a991 p.  aCRITICA ALLA STORIA DEL CONCILIO DI TRENTO DI SOAVE P. POLANO. ARTICOLI SUI SACRAMENTI. BOLLA DEL PAPA PER L'OBBLIGO DELLA RESIDENZA DEI VESCOVI. RAPPORTI TRA IL PAPA E L'IMPERATORE. CARATTERE DEI SACRAMENTI. LA RIFORMA. DECISIONE DELLA TRASLAZIONE DEL CO aSocietà San Paolo EM - Piazza San Paolo, 14 - 12051 ALBA (CN) (non commercial uses only) ® Copyright 2017 aCRITICA ALLA STORIA DEL CONCILIO DI TRENTO DI SOAVE P. POLANO. ARTICOLI SUI SACRAMENTI. BOLLA DEL PAPA PER L'OBBLIGO DELLA RESIDENZA DEI VESCOVI. RAPPORTI TRA IL PAPA E L'IMPERATORE. CARATTERE DEI SACRAMENTI. LA RIFORMA. DECISIONE DELLA TRASLAZIONE DEL CO aSTORIA DELLA CHIESA